[Event "Skilling Open CCT 2021"]
[Site "Online"]
[Date "2020.11.19"]
[Round "7.2"]
[White "Vidit, Santosh Gujrathi"]
[Black "Nakamura, Hikaru"]
[Result "1/2-1/2"]
[WhiteElo "2636"]
[BlackElo "2829"]
[Annotator "TA"]
[PlyCount "270"]
[EventDate "2020.11.20"]
[EventType "tourn"]
[EventCountry "NET"]
[Tiebreak "Koya+Number of black wins+Number of wins"]
[SourceTitle "playchess.com"]
[Source "ChessBase"]
[SourceQuality "1"]

{[%evp 12,270,16,2,10,12,24,6,10,0,13,4,11,8,1,6,8,0,6,0,0,0,5,0,0,0,0,0,0,0,0,
0,0,0,0,0,0,0,0,0,0,-9,-2,-4,-6,-35,-35,-35,-33,-52,0,0,0,0,0,0,0,-33,-31,-29,
-29,-31,-28,-64,-64,-65,-65,-65,-65,-65,-65,-65,-65,-82,-82,-82,-82,-82,-82,
-82,-82,-82,-82,-82,-82,-82,-82,-92,-82,-82,-82,-82,-82,-82,-82,-82,-82,-82,
-73,-73,-73,-70,-69,-69,-69,-69,-69,-69,-66,-69,-64,-65,-28,-66,-56,-71,-63,
-63,-56,-56,-55,-56,-56,-73,-73,-111,-111,-112,-120,-135,-135,-135,-135,-135,
-135,-142,-135,-135,-135,-135,-135,-137,-135,-136,-136,-136,-136,-137,-137,
-137,-137,-137,-137,-145,-144,-145,-144,-145,-8,-8,-8,-8,-8,-8,-8,-8,-8,-8,-7,
-8,0,-8,-8,-44,-44,-45,-44,-45,-45,-45,-45,-45,-45,-45,-45,-45,-8,-8,-8,-8,-8,
-8,-8,-8,-8,-45,-45,-45,-45,-45,-8,-45,-45,-45,0,-45,-45,-45,-8,-8,-8,-8,0,-8,
-8,-8,-8,-8,-8,-8,0,0,0,0,0,0,0,-8,-8,-8,0,-8,-8,-8,0,0,0,-8,0,0,0,-8,-8,-8,0,
0,0,0,0,0,0,0,0,0,0,-8,0,0,0,0,0]} 1. d4 Nf6 2. c4 e6 3. Nf3 d5 4. Nc3 Be7 5.
Bf4 O-O 6. e3 Nbd7 {6...b6 is the recent fashion.} 7. Be2 dxc4 {D37: Queen's
Gambit Declined: 5 Bf4.} 8. O-O Nb6 9. a4 a5 {[#]} 10. Ne5 $146 ({Predecessor:
} 10. e4 Bb4 11. Qc2 Ne8 12. Rfd1 Nd6 13. Nd2 h6 14. Bxd6 cxd6 15. Nxc4 Nxc4
16. Bxc4 {1/2-1/2 (32) Clowes,M (2357)-Fuzishawa,R (2353) ICCF email 2016})
10... Nfd5 11. Bg3 c5 12. Nxc4 Nxc4 13. Bxc4 cxd4 14. exd4 Bb4 15. Rc1 Nb6 16.
Bb3 Bd7 17. d5 Bxc3 18. Rxc3 {Black must now prevent Bc7.} Nxd5 19. Bxd5 exd5
20. Qxd5 Bc6 21. Qxd8 Rfxd8 22. b3 Rd5 23. h3 h5 24. Rfc1 Rad8 25. h4 f6 26.
Bc7 R8d7 27. Bb6 Re5 28. Re3 Rxe3 29. Bxe3 $15 {[%mdl 4096] Endgame KRB-KRB}
Rd3 30. Rc5 g6 ({Black should play} 30... Rxb3 $15 31. Rxa5 g6) 31. Rxa5 $11
Rxb3 32. Ra8+ Kf7 33. a5 Ra3 34. Bf4 Ra4 35. Bg3 g5 36. hxg5 fxg5 37. f3 Ra1+
38. Kh2 Ra2 {...h4 is the strong threat.} 39. Kg1 g4 40. Bf2 gxf3 41. gxf3 Bxf3
42. Bc5 Bc6 43. Bb6 Kg7 44. Bd4+ Kg6 45. Rg8+ Kf5 46. Rf8+ Kg4 47. Bb6 Rg2+ 48.
Kf1 Rc2 49. Kg1 Bd5 50. Rf2 Rc6 51. Rd2 Be4 52. Kf2 h4 {And now ...h3 would
win.} 53. Ke3 Re6 54. Rd4 h3 55. Bc7 Kf5 56. Bh2 Bc6+ 57. Kf2 Rg6 {Hoping for .
..Rg2+.} 58. Ke3 Rg2 59. Rd2 Rg8 60. Rf2+ Ke6 61. Ra2 {Cut Off at move 61} Bd5
62. Rb2 Ra8 63. Rb6+ Kf7 64. Rb5 $1 {[%cal Rb5d5]} Bg2 65. Kf2 Ke6 66. Rh5 Rf8+
67. Ke3 Rf3+ 68. Kd4 Ra3 69. Kc4 Kf6 70. Kb4 Ra2 71. Bb8 Kg6 72. Rh8 Kf5 73.
Kb3 Ra1 74. Kb2 Rd1 75. Kc3 Ke4 76. Rh6 Ke3 77. a6 {[#]} bxa6 $1 78. Rxa6 Rc1+
79. Kb2 Rc8 80. Bh2 Be4 81. Ra3+ {[#]} Bd3 $1 {Threatens to win with ...Rc2+.}
82. Kb3 Rc1 83. Ra8 Rh1 84. Bd6 h2 ({Black should try} 84... Rb1+ $17 85. Kc3
Rc1+ 86. Kb3 Rc6) 85. Bxh2 Rxh2 {KRB-KR} 86. Rd8 Rh5 87. Rb8 Rh1 88. Kb4 Rc1
89. Rb6 Bc4 90. Kc5 Bd3+ 91. Kd6 Kd4 92. Rb4+ Bc4 93. Rb7 Rh1 94. Re7 Rh6+ 95.
Kc7 Kc5 96. Re5+ Bd5 97. Re7 Ra6 98. Kd8 Bc6 (98... Kd6 {looks sharper.} 99.
Rd7+ Ke6 100. Re7+ Kf6 101. Re2 Ra7) 99. Rg7 Ra1 100. Ke7 Re1+ 101. Kf6 Kd6
102. Rg5 Be4 103. Rg3 Rf1+ 104. Kg5 Rf8 105. Kh4 Ke5 106. Kg5 Rh8 107. Kg4 Rf8
108. Kg5 Bf3 109. Kh4 Kf4 {[%cal Rf8h8]} 110. Rg4+ $1 {The position is equal.}
Ke3 111. Rg7 $1 Kf4 112. Rg4+ $1 Kf5 113. Rg5+ Kf6 (113... Ke4 {keeps more
tension.} 114. Rg1 Rb8 115. Kg3 Ke3 116. Re1+ Be2) 114. Rg1 Rh8+ 115. Kg3 Be4
116. Kf4 Bf5 117. Rg2 Rh4+ 118. Ke3 Ke5 119. Rb2 Rh3+ 120. Kd2 Bd3 121. Kc3
Bf1+ 122. Kd2 Kd4 123. Ke1 Rh1 124. Kd2 (124. Rb6 {is interesting.} Kc5 125.
Rf6 Bd3+ 126. Kd2 Bb1 127. Rf2) 124... Rh3 125. Ke1 Bc4 126. Kd2 Bb3 127. Kc1
Kc4 128. Rf2 Kc3 {( -> ...Rh1+)} 129. Rc2+ Kb4 130. Rf2 Rd3 131. Kb2 Bd5 132.
Kc1 Ra3 133. Kd2 Kc5 134. Kc1 Kd4 135. Rd2+ Kc3 {Weighted Error Value: White=0.
04/Black=0.03} 1/2-1/2

[Event "Skilling Open CCT 2021"]
[Site "Online"]
[Date "2020.11.19"]
[Round "7.3"]
[White "So, Wesley"]
[Black "Karjakin, Sergey"]
[Result "1/2-1/2"]
[WhiteElo "2741"]
[BlackElo "2709"]
[Annotator "TA"]
[PlyCount "90"]
[EventDate "2020.11.20"]
[EventType "tourn"]
[EventCountry "NET"]
[Tiebreak "Koya+Number of black wins+Number of wins"]
[SourceTitle "playchess.com"]
[Source "ChessBase"]
[SourceQuality "1"]

{[%evp 15,90,19,14,16,44,34,58,19,34,35,66,68,68,75,110,106,123,117,125,124,
134,119,140,134,140,141,144,140,160,151,164,110,204,166,157,167,183,164,185,
179,181,180,200,168,206,212,172,200,219,118,163,106,98,127,103,119,158,147,195,
0,0,0,196,178,253,252,236,231,270,249,277,0,252,0,225,0,259]} 1. e4 c5 2. Nf3
d6 3. d4 cxd4 4. Nxd4 Nf6 5. Nc3 Nc6 6. f3 e5 7. Nb3 Be6 8. Be3 Be7 9. Qe2 {
Recently 9.Nd5 got a lot of attention. B56: Classical Sicilian: Unusual Lines.}
O-O 10. O-O-O Qc8 11. a3 {[#] White is slightly better.} a5 $146 ({Predecessor:
} 11... Rb8 12. Kb1 b5 13. Nd5 Bd8 14. Nxf6+ Bxf6 15. Rxd6 Qc7 16. Rd1 a5 17.
Nc5 Nd4 18. Bxd4 exd4 19. Nxe6 fxe6 {1/2-1/2 (48) Dastan,B (2565)-Nihal,S 
(2610) Konya 2019}) 12. Qb5 Bd7 13. Kb1 a4 14. Nc1 Ra5 15. Qe2 Be6 16. Bb6 Ra8
{[#]} 17. N1a2 $1 Re8 18. g4 Na5 19. Qd2 ({But not} 19. Nxa4 $2 Nc4 $17) 19...
Nc4 20. Bxc4 Bxc4 21. Nb4 Bf8 22. h4 Qe6 {And now ...d5 would win.} 23. g5 (23.
Be3 $18) 23... Nd7 (23... d5 $16 {was called for.}) 24. Be3 b5 25. h5 Rec8 26.
Rdg1 Rab8 27. Ncd5 Rb7 28. Qg2 Re8 29. Rh3 f5 30. exf5 Qxf5 31. Rh4 Qe6 32. Qd2
(32. f4 $18) 32... Kh8 33. Rhg4 (33. Rd1 $18) 33... Nc5 $16 34. f4 Ne4 35. Qd1
Qf5 36. R1g2 Rc8 37. Nb6 $2 (37. Bc1 $18) 37... Rcb8 $1 $11 38. N6d5 $2 ({
Much worse is} 38. Nxc4 bxc4 39. h6 c3 $17) (38. N4d5 $11) 38... Rc8 $18 39.
Bc1 Nc5 {[#]} (39... Bxd5 $142 40. Nxd5 (40. Qxd5 Rbc7 $16) 40... b4 41. axb4
Rc4) 40. Ne3 $1 {[%cal Re3f5]} Qd7 41. f5 Bg8 42. Nbd5 Qc6 43. Nb4 Qd7 44. Nbd5
Qc6 $1 45. Nb4 Qd7 {[%mdl 32768] Weighted Error Value: White=0.31/Black=0.15.
An unexpected result.} 1/2-1/2

[Event "Skilling Open CCT 2021"]
[Site "Online"]
[Date "2020.11.19"]
[Round "7.4"]
[White "Svidler, Peter"]
[Black "Giri, Anish"]
[Result "1/2-1/2"]
[WhiteElo "2742"]
[BlackElo "2731"]
[Annotator "TA"]
[PlyCount "88"]
[EventDate "2020.11.20"]
[EventType "tourn"]
[EventCountry "NET"]
[Tiebreak "Koya+Number of black wins+Number of wins"]
[SourceTitle "playchess.com"]
[Source "ChessBase"]
[SourceQuality "1"]

{[%evp 18,88,0,20,38,41,24,26,33,20,20,17,106,102,91,102,97,86,95,84,86,27,12,
2,45,39,54,53,66,60,60,68,58,14,14,14,14,0,39,0,0,0,0,0,0,0,0,0,0,0,11,0,0,0,
17,3,7,0,21,21,22,22,20,10,29,20,22,0,31,0,28,0,28]} 1. Nf3 d5 2. g3 g6 3. Bg2
Bg7 4. d4 Nf6 5. O-O O-O 6. c4 c6 7. Qb3 a5 8. Nc3 a4 9. Qb4 dxc4 10. Qxc4 b5 {
D78: Fianchetto Grünfeld: 6 0-0 c6.} 11. Qd3 b4 12. Ne4 Ba6 {White has an edge.
} 13. Nxf6+ exf6 14. Qc2 b3 (14... Bb5 $11) 15. axb3 $16 axb3 {[#]} 16. Qc3 $1
({Reject} 16. Qxb3 $6 Bc4 $11) 16... Nd7 17. Re1 {[#]} Re8 $146 ({Predecessor:
} 17... c5 18. Qxb3 Rb8 19. Qc2 Qc8 20. Bf4 Rb4 21. Bd6 Rd8 22. b3 f5 23. dxc5
Bxa1 24. Rxa1 {1-0 (45) Gagunashvili,M (2547)-Ni,H (2638) Wuxi 2005}) 18. Qxc6
Nb6 19. Rxa6 ({White should try} 19. Nd2 $16) 19... Rxa6 $11 20. Qb5 Ra1 21.
Nd2 Nc8 22. Nxb3 Nd6 23. Qd3 Ra7 24. Bf4 Qb6 25. Bxd6 Qxd6 26. e3 Rc8 27. Qe2
f5 28. Rb1 Qb4 29. Nc5 Bf8 30. Nd3 Qb3 31. Qd1 Rb8 32. Rc1 Qxd1+ 33. Rxd1 Bd6
34. Bd5 Ra5 35. Bc4 Rba8 36. Kg2 Ra1 37. Rd2 Rb1 38. h4 Kg7 39. Kf3 h6 40. Rc2
Ra7 41. Bd5 Rc7 42. Bc4 Ra7 43. Bd5 Rc7 44. Bc4 Ra7 {Weighted Error Value:
White=0.10/Black=0.10} 1/2-1/2

[Event "Skilling Open CCT 2021"]
[Site "Online"]
[Date "2020.11.19"]
[Round "7.5"]
[White "Nepomniachtchi, Ian"]
[Black "Ding, Liren"]
[Result "1/2-1/2"]
[WhiteElo "2778"]
[BlackElo "2836"]
[Annotator "TA"]
[PlyCount "28"]
[EventDate "2020.11.20"]
[EventType "tourn"]
[EventCountry "NET"]
[Tiebreak "Koya+Number of black wins+Number of wins"]
[SourceTitle "playchess.com"]
[Source "ChessBase"]
[SourceQuality "1"]

{[%evp 27,28,0,8]} 1. e4 e5 2. Nf3 Nc6 3. Bb5 Nf6 4. O-O Nxe4 5. d4 Nd6 6. dxe5
Nxb5 7. a4 Nbd4 8. Nxd4 d5 9. exd6 Nxd4 10. Qxd4 Qxd6 {[#]} 11. Qe4+ $146 ({
Predecessor:} 11. Qe3+ Be6 12. Nc3 a6 13. Rd1 Qc5 14. Qg3 f6 15. Bf4 Rc8 16.
Re1 Kf7 17. Rxe6 Kxe6 18. Qh3+ f5 19. Ne4 Qd5 20. Nc3 Qd7 21. Rd1 Bd6 22. Rd5
g6 23. Ne4 Kxd5 24. Qb3+ Kc6 25. Qc4+ Kb6 {0-1 (25) Andreikin,D (2726)
-Nakamura,H (2736) chess.com INT 2020}) 11... Qe6 12. Qd4 Qd6 13. Qe4+ Qe6 14.
Qd4 Qd6 1/2-1/2

[Event "Skilling Open CCT 2021"]
[Site "Online"]
[Date "2020.11.19"]
[Round "7.6"]
[White "Carlsen, Magnus"]
[Black "Duda, Jan-Krzysztof"]
[Result "1-0"]
[WhiteElo "2881"]
[BlackElo "2774"]
[Annotator "TA"]
[PlyCount "97"]
[EventDate "2020.11.20"]
[EventType "tourn"]
[EventCountry "NET"]
[Tiebreak "Koya+Number of black wins+Number of wins"]
[SourceTitle "playchess.com"]
[Source "ChessBase"]
[SourceQuality "1"]

{[%evp 9,97,19,26,25,26,18,22,16,18,15,20,19,22,14,22,12,17,14,14,7,24,0,0,0,0,
0,21,34,30,41,27,0,61,62,102,100,100,100,93,105,93,93,100,87,102,33,70,64,78,
72,65,80,66,73,72,61,78,85,66,63,110,34,199,198,264,264,264,264,297,297,309,
318,331,335,416,412,402,384,589,570,603,593,655,670,752,731,779,768,866,858]} 
1. d4 d5 2. c4 c6 3. Nf3 Nf6 4. e3 e6 5. Bd3 Nbd7 6. b3 {D30: Queen's Gambit
Declined: Systems without Nc3.} b6 7. O-O Bb7 8. Bb2 {The position is equal.}
Bd6 9. Nbd2 O-O 10. Qe2 $1 {[%mdl 4] is recently more successful than 10.Ne5.}
Qe7 11. Ne5 Rad8 12. Rad1 c5 13. f4 cxd4 14. exd4 g6 {[#]} 15. a4 $146 ({
Predecessor:} 15. g3 Ba3 16. Bc3 Nb8 17. Ndf3 Nc6 18. Ba1 Nb4 19. Bb1 Rc8 20.
Rde1 Nc6 21. Nxc6 Bxc6 {1/2-1/2 (29) Nouveau,L (2339)-Pekin,T (2238) ICCF
email 2017}) 15... Nh5 16. cxd5 Bxd5 17. Ndc4 Ndf6 18. Nxd6 Qxd6 19. Nc4 Qb8
20. Qe5 Qa8 (20... Ng4 $11 21. Qe2 Ngf6) 21. Rd2 $14 Be4 {[#]} 22. Bxe4 $1 Qxe4
23. Ba3 Rd5 24. Qxe4 ({Much worse is} 24. Bxf8 $6 Rxe5 25. fxe5 Kxf8 $11) 24...
Nxe4 25. Re2 Rxd4 26. Bxf8 Kxf8 27. Re3 (27. a5 $16) 27... Nhf6 28. Ne5 Nd5 29.
Rd3 Rxd3 30. Nxd3 $16 {[%mdl 4096] Endgame KRN-KNN} Nd2 31. Rc1 $1 Nxb3 32.
Rc8+ Kg7 33. Ra8 {[%mdl 1024] White has strong compensation.} a5 34. Ra7 $1 Kf8
35. g3 (35. Ne5 $16) 35... Nd4 $2 {Loses the game.} ({Black should play} 35...
Ke8 $14) 36. Ne5 $18 f6 {[#]} (36... Kg8 $142 37. Nxf7 Nc3 38. Nh6+ Kf8) 37.
Nd7+ $1 Ke8 38. Rb7 h6 39. Nxb6 Nc3 40. Ra7 Nb3 41. Kg2 g5 42. fxg5 fxg5 43.
Rh7 e5 (43... Nc5 $142 44. Rxh6 Kf7 45. Rh7+ Kf6) 44. Rxh6 {White is clearly
winning.} Kf7 45. Rc6 Nd1 46. Nc4 e4 47. Nd6+ {[%mdl 64] Double Attack} Ke6 48.
Nxe4+ Kd5 49. Rd6+ {Weighted Error Value: White=0.07/Black=0.31} 1-0

[Event "Skilling Open CCT 2021"]
[Site "Online"]
[Date "2020.11.19"]
[Round "7.7"]
[White "Radjabov, Teimour"]
[Black "Aronian, Levon"]
[Result "1-0"]
[WhiteElo "2758"]
[BlackElo "2778"]
[Annotator "TA"]
[PlyCount "81"]
[EventDate "2020.11.20"]
[EventType "tourn"]
[EventCountry "NET"]
[Tiebreak "Koya+Number of black wins+Number of wins"]
[SourceTitle "playchess.com"]
[Source "ChessBase"]
[SourceQuality "1"]

{[%evp 11,81,6,8,8,24,20,25,12,28,24,18,13,13,20,18,21,38,45,41,30,43,39,88,84,
97,98,311,275,299,274,278,137,140,146,327,314,435,444,427,445,408,361,347,363,
370,368,360,361,331,331,501,484,682,677,672,676,685,657,652,652,624,605,576,
516,792,784,29984,29985,29990,29991,29990,817]} 1. d4 Nf6 2. c4 e6 3. Nf3 d5 4.
Nc3 Be7 5. Bf4 O-O 6. e3 Nbd7 {6...b6 is a critical line.} 7. a3 {D37: Queen's
Gambit Declined: 5 Bf4.} c6 8. Be2 dxc4 9. Bxc4 {White has an edge.} b5 10. Bd3
a6 11. b4 a5 12. Rb1 $1 {[#]} axb4 $146 ({Predecessor:} 12... Nb6 13. e4 Bb7
14. O-O axb4 15. axb4 Ra3 16. Qc2 h6 17. Be3 Qa8 18. Ne5 Re8 {0-1 (43) Sarana,
A (2410)-Vaishali,R (2307) Ulaanbaatar 2015}) 13. axb4 Bb7 14. Qc2 Nb6 15. e4
Nc4 {...Na3 is the strong threat.} 16. Bc1 Nd7 17. e5 f5 18. exf6 $1 Bxf6 $2 (
18... Nxf6 $16 19. O-O Na3 20. Bxa3 Rxa3) 19. Bxh7+ $18 Kh8 20. Be4 e5 21. d5 (
21. O-O $18 {has better winning chances.}) 21... cxd5 $16 22. Nxd5 Qc8 $2 {
This move loses the game for Black.} (22... Rc8 $16) 23. Qe2 Nd6 24. Ng5 $1 ({
Less strong is} 24. Nxe5 Kg8 $16) 24... Qxc1+ 25. Rxc1 {White wants to mate
with Qh5+.} Bxg5 26. Rd1 ({Not} 26. Qh5+ Bh6 $16) 26... Nxe4 27. Qxe4 Nf6 28.
Qg6 Bxd5 29. Qxg5 Bc4 {intending ...Ra2.} 30. Rc1 Bd3 (30... Rfd8 {was
necessary.} 31. f3 (31. Qxe5 $2 Re8 $17) 31... Rd4) 31. Rc7 $18 {[%csl Gc7]
[%cal Rg5g7]} Rg8 (31... Ra1+ $142 32. Kd2 Ne4+ {[%mdl 64] Discovered Attack}
33. Kxd3 Nxg5 34. Rxa1 Rxf2) 32. Qh4+ Nh7 33. Kd2 Rad8 34. Rhc1 Bc4+ 35. Ke1
Rd4 36. Qe7 Re4+ 37. Kd2 Nf6 (37... Re2+ $142 38. Kd1 Rxf2) 38. Rc3 {Intending
Qxf6! and mate.} Re2+ 39. Kd1 {White mates.} Rxf2 40. Rh3+ Nh7 {[#]} 41. Rxh7+
$1 {Weighted Error Value: White=0.10/Black=0.36} 1-0

[Event "Skilling Open CCT 2021"]
[Site "Online"]
[Date "2020.11.19"]
[Round "7.8"]
[White "Anton Guijarro, David"]
[Black "Firouzja, Alireza"]
[Result "0-1"]
[WhiteElo "2667"]
[BlackElo "2703"]
[Annotator "TA"]
[PlyCount "68"]
[EventDate "2020.11.20"]
[EventType "tourn"]
[EventCountry "NET"]
[Tiebreak "Koya+Number of black wins+Number of wins"]
[SourceTitle "playchess.com"]
[Source "ChessBase"]
[SourceQuality "1"]

{[%evp 9,68,34,48,38,46,54,45,40,51,31,32,39,40,51,81,49,46,50,56,58,78,79,74,
62,168,187,254,258,264,262,293,228,268,194,206,151,187,182,191,200,191,186,172,
-77,0,0,0,0,0,-770,-731,-29992,-29993,-29994,-29987,-29995,-29996,-29996,
-29997,-29997,-29998]} 1. d4 Nf6 2. c4 g6 3. Nc3 Bg7 4. e4 d6 5. h3 Nbd7 6. Be3
{E71: King's Indian: 4 e4 d6 5 h3.} e5 7. d5 Nc5 8. f3 {White is slightly
better.} Nh5 9. Nge2 $1 O-O {[#]} 10. Qd2 $146 ({Predecessor:} 10. g4 Nf4 11.
Nxf4 exf4 12. Bxc5 dxc5 13. Qc2 Qh4+ 14. Qf2 Qxf2+ 15. Kxf2 Bd4+ 16. Ke1 {
1/2-1/2 (43) Molina,R (2454)-Perdomo,L (2463) Caioba 2019}) 10... f5 11. exf5
gxf5 12. g4 Nf4 {White must now prevent ...Qh4+.} 13. O-O-O Nfd3+ 14. Kb1 f4
15. Bxc5 Nxc5 16. b4 e4 ({Black should try} 16... Nd7 $14) 17. bxc5 $18 e3 (
17... exf3 {keeps fighting.} 18. Nd4 dxc5) 18. Qc2 dxc5 19. Ne4 c6 20. N2c3 ({
Much less strong is} 20. Nxc5 $6 Qb6+ 21. Nb3 a5 $16) 20... Qa5 21. Bd3 Rb8 22.
Qb3 Kh8 23. dxc6 Be6 {[#]} 24. c7 $1 {[%cal Rc7b8]} (24. cxb7 $6 Rf7 $14) 24...
Qxc7 25. Qa3 Bg8 {[#]} 26. Bc2 $2 ({Worse is} 26. Qxa7 Ra8 $17) ({Don't do} 26.
Nxc5 $6 Rfc8 $16) (26. Kc2 $1 $18) 26... b5 (26... Bxc4 $17 {Strongly
threatening ...b5.} 27. Rd6 Be5) 27. cxb5 $11 {Kc1 is the strong threat.} a6 $1
{[%cal Ra6b5]} 28. Qxa6 {Hoping for Rd6.} Ra8 $1 {[%cal Ra8a6]} 29. Qc6 $2 {
[%mdl 8192]} (29. b6 $11 Rfb8 30. Kc1) 29... Qa5 $19 {[%cal Rg8a2][%mdl 64]
Double Attack} 30. a4 Qb4+ {Black mates.} 31. Kc1 Qa3+ 32. Kb1 {[#]} Ba2+ $1 {
[%mdl 512]} 33. Ka1 (33. Nxa2 Qb2#) 33... Bxc3+ 34. Nxc3 Qxc3+ {[%mdl 64]
Double Attack.  Weighted Error Value: White=0.51/Black=0.13} 0-1

[Event "Skilling Open CCT 2021"]
[Site "Online"]
[Date "2020.11.19"]
[Round "8.1"]
[White "Vachier-Lagrave, Maxime"]
[Black "Firouzja, Alireza"]
[Result "1/2-1/2"]
[WhiteElo "2860"]
[BlackElo "2703"]
[Annotator "TA"]
[PlyCount "87"]
[EventDate "2020.11.20"]
[EventType "tourn"]
[EventCountry "NET"]
[Tiebreak "Koya+Number of black wins+Number of wins"]
[SourceTitle "playchess.com"]
[Source "ChessBase"]
[SourceQuality "1"]

{[%evp 9,87,20,20,0,43,0,35,-12,-3,-12,-20,-12,-14,-13,1,0,0,0,0,0,0,0,0,0,0,0,
1,0,0,0,0,0,26,5,13,12,127,0,0,0,0,0,0,0,0,0,10,10,8,8,17,11,14,8,11,10,11,0,0,
0,0,0,0,0,0,0,0,0,0,0,0,0,0,0,0,0,0,0,0,0]} 1. e4 c6 2. Nf3 d5 3. d3 g6 4. e5
Bg7 5. d4 f6 6. Bd3 {B10: Caro-Kann: 2 d3 and 2 c4.} Nh6 {[#]} 7. O-O $146 {
With the idea exf6.} ({Predecessor:} 7. exf6 exf6 8. O-O O-O 9. Re1 Re8 10. Bf4
Nf7 11. Rxe8+ Qxe8 12. Nc3 g5 13. Qe1 {1-0 (51) Comp Novag-Frumkin,E (2005)
Chicago 1994}) 7... O-O 8. Re1 {White is slightly better.} fxe5 {[#] ...e4 is
the strong threat.} 9. Nxe5 Nf7 10. Nxf7 Rxf7 11. c3 Qd6 12. Nd2 Nd7 13. Nf3 e5
14. dxe5 Nxe5 15. Nxe5 Bxe5 16. g3 Bh3 17. Be3 b6 18. Qe2 Bg7 19. Qd2 Raf8 20.
a4 {[%cal Ba2a4,Ba4a5][%mdl 32]} Kh8 21. a5 c5 22. axb6 Qc6 (22... axb6 $11 {
remains equal.} 23. Bc4 Rd7) 23. Bf1 (23. bxa7 $16 d4 24. f3 Rxf3 25. Bc4)
23... Bxf1 $11 {The position is equal.} 24. Rxf1 axb6 25. Bh6 Bxh6 26. Qxh6 Qf6
(26... Kg8 {looks sharper.} 27. Rad1 Rd7 28. Qe3 Qf6 29. Qe2 Kg7) 27. Rad1 Qf5
28. Qe3 Kg8 29. Rd2 Rd7 30. Re1 Rfd8 31. b4 d4 32. cxd4 cxd4 33. Qe6+ Qxe6 34.
Rxe6 Rd6 35. Rxd6 Rxd6 {[%mdl 4096] Endgame KR-KR} 36. Kg2 d3 37. Kf3 Rd4 38.
Ke3 Rxb4 39. Rxd3 Rb5 40. Rd8+ Kg7 41. Rd7+ Kg8 42. Rb7 Re5+ 43. Kd4 Re2 44. f4
{Weighted Error Value: White=0.09/Black=0.10} 1/2-1/2

[Event "Skilling Open CCT 2021"]
[Site "Online"]
[Date "2020.11.19"]
[Round "8.2"]
[White "Aronian, Levon"]
[Black "Anton Guijarro, David"]
[Result "1/2-1/2"]
[WhiteElo "2778"]
[BlackElo "2667"]
[Annotator "TA"]
[PlyCount "83"]
[EventDate "2020.11.20"]
[EventType "tourn"]
[EventCountry "NET"]
[Tiebreak "Koya+Number of black wins+Number of wins"]
[SourceTitle "playchess.com"]
[Source "ChessBase"]
[SourceQuality "1"]

{[%evp 11,83,17,21,12,29,29,41,22,19,0,20,0,0,0,0,0,0,0,0,0,0,-13,77,81,78,59,
100,102,132,60,52,52,41,40,82,0,0,0,-2,-8,-5,-6,0,-25,-33,-78,0,-123,-122,-108,
-106,-125,-129,-127,-84,-202,-193,-217,-197,-196,0,-79,-85,-220,0,0,0,0,0,0,0,
0,8,8]} 1. e4 e5 2. Nf3 Nc6 3. Bb5 a6 4. Ba4 Nf6 5. d3 Bc5 6. Bxc6 dxc6 7. Nbd2
{C77: Ruy Lopez: 3...a6 4 Ba4 Nf6, unusual lines.} Ng4 8. O-O Qe7 9. Nc4 {
White is slightly better.} f6 10. h3 h5 11. Nh4 {Strongly threatening Ng6.} (
11. hxg4 hxg4 12. Nh2 f5 $17) 11... Qf7 $1 12. Nf5 Bxf5 13. exf5 Nh6 {[#]} 14.
Be3 $146 ({Predecessor:} 14. Bxh6 Rxh6 15. Nd2 O-O-O 16. Qf3 Rg8 17. Ne4 Be7
18. Qe3 Kb8 19. f4 exf4 20. Qxf4 {1-0 (35) Ermenkov,E-Barle,J Groningen 1971})
14... Bxe3 15. fxe3 e4 16. Rf4 exd3 (16... O-O-O $11) 17. Re4+ $1 $16 (17. cxd3
O-O-O $11) 17... Kf8 18. Qxd3 Nxf5 19. Rf1 g6 20. Qa3+ (20. Ref4 $1 $16 Ke8 21.
Rd1) 20... Kg8 $1 $14 21. Ref4 $1 {[%mdl 1024] e4 is the strong threat. White
has compensation.} Re8 22. e4 Ng7 23. Qb3 (23. Qc3 $16 f5 24. exf5 Nxf5 25. Ne5
) 23... b5 $36 {[%mdl 2048] Black is pushing.} 24. Na5 Qxb3 25. axb3 f5 26.
Nxc6 {[%cal Re4f5]} fxe4 27. Nb4 Nf5 28. Nd5 Re5 {[#]} (28... Kg7 $17 29. g4
hxg4 30. hxg4 Re5) 29. Nxc7 (29. Ne3 $1 $11 {[%mdl 512] keeps the balance.})
29... Kg7 $17 30. Nxa6 Rd8 $1 31. Re1 e3 $1 32. Nb4 {Threatens to win with Nc6.
} Rd2 $1 33. h4 (33. c3 $17 {might work better.}) 33... Re6 34. c4 bxc4 ({
Don't play} 34... Rxb2 35. cxb5 Rd6 36. b6) 35. bxc4 {[#]} Rxb2 $2 ({Better is
} 35... Nd4 $1 $19 36. Kf1 Re8) 36. Nd5 (36. c5 $11) 36... Rd2 37. g4 {[#]} (
37. Nc3 $17) 37... Nxh4 $2 (37... Nd4 $1 $19 {aiming for ...Re4!} 38. Nxe3 Ne2+
39. Rxe2 Rxe2) 38. Nxe3 $11 {The position is equal.} g5 39. Rf2 Rxf2 40. Kxf2 {
Black must now prevent Nf5+.} hxg4 41. Nxg4 Rxe1 42. Kxe1 {Weighted Error
Value: White=0.26/Black=0.20} 1/2-1/2